000 00377nam a2200157Ia 4500
008 230917s9999||||xx |||||||||||||| ||und||
040 _e33215
_aMAIN
041 _aEnglish
082 _a576.5 S85P
100 _aSnustad, D Peter
245 0 _aPrinciples of genetics
250 _a2nd ed.
260 _aNew York
_bJohn Wiley
_c2000
300 _axviii, 876 p.
942 _cBK
999 _c105699
_d105699